[Event "GER-ch Net blitz qual4"]
[Site "Playchess.com INT"]
[Date "2020.03.23"]
[Round "9"]
[White "Von Herman, Brigitte"]
[Black "Hendrich, Daniel"]
[Result "1-0"]
[WhiteElo "2085"]
[BlackElo "1883"]
[PlyCount "29"]
[EventDate "2020.03.23"]
[EventType "swiss (blitz)"]
[EventRounds "9"]
[EventCountry "GER"]
[SourceTitle "CBM 195 Extra"]
[Source "ChessBase"]
[SourceDate "2020.05.31"]
[SourceVersion "1"]
[SourceVersionDate "2020.05.31"]
[SourceQuality "1"]

1. d4 d5 2. e3 e6 3. Bd3 Nf6 4. f4 Be7 5. Nf3 0-0 6. Nbd2 c5 7. c3 Nc6 8. 0-0 b6 9. Ne5 Bb7 10. Rf3 cxd4 11. exd4 Nd7 12. Bxh7+ Kxh7 13. Rh3+ Kg8 14. Qh5 Ncxe5 15. Qh8# 1-0

[Event "GER-ch Net blitz qual3"]
[Site "Playchess.com INT"]
[Date "2020.03.21"]
[Round "6"]
[White "Hendrich, Daniel"]
[Black "Stork, Oliver"]
[Result "0-1"]
[WhiteElo "1883"]
[BlackElo "2367"]
[PlyCount "68"]
[EventDate "2020.03.21"]
[EventType "swiss (blitz)"]
[EventRounds "9"]
[EventCountry "GER"]
[SourceTitle "CBM 195 Extra"]
[Source "ChessBase"]
[SourceDate "2020.05.31"]
[SourceVersion "1"]
[SourceVersionDate "2020.05.31"]
[SourceQuality "1"]

1. e4 c5 2. Nf3 e6 3. Nc3 Nc6 4. Bc4 a6 5. a4 Nf6 6. 0-0 d5 7. exd5 exd5 8. Re1+ Be7 9. Bb3 0-0 10. d3 Bg4 11. h3 Bxf3 12. Qxf3 Nd4 13. Qg3 Nxb3 14. cxb3 Bd6 15. Qf3 h6 16. Bf4 Qc7 17. Bxd6 Qxd6 18. Rad1 Rad8 19. d4 c4 20. bxc4 dxc4 21. Ne4 Nxe4 22. Qxe4 Qb4 23. Qc2 Rd7 24. Re2 Rfd8 25. Red2 Rxd4 26. Rxd4 Rxd4 27. Rxd4 Qe1+ 28. Kh2 Qe5+ 29. g3 Qxd4 30. Qe2 g6 31. h4 Kg7 32. h5 gxh5 33. Qxh5 Qxf2+ 34. Kh3 Qd4 0-1

[Event "GER-ch Net blitz qual3"]
[Site "Playchess.com INT"]
[Date "2020.03.21"]
[Round "4"]
[White "Hendrich, Daniel"]
[Black "Unbehend, Marius"]
[Result "1-0"]
[WhiteElo "1883"]
[BlackElo "1528"]
[PlyCount "39"]
[EventDate "2020.03.21"]
[EventType "swiss (blitz)"]
[EventRounds "9"]
[EventCountry "GER"]
[SourceTitle "CBM 195 Extra"]
[Source "ChessBase"]
[SourceDate "2020.05.31"]
[SourceVersion "1"]
[SourceVersionDate "2020.05.31"]
[SourceQuality "1"]

1. e4 e6 2. d4 d5 3. exd5 exd5 4. c4 Bb4+ 5. Bd2 Bxd2+ 6. Nxd2 Nf6 7. Ngf3 0-0 8. Be2 Bg4 9. 0-0 Nc6 10. cxd5 Nxd5 11. h3 Bf5 12. Nb3 Re8 13. Bb5 Qd6 14. Rc1 Nde7 15. Ne5 Be4 16. Nc5 Bd5 17. Nxb7 Rab8 18. Nxd6 cxd6 19. Nxc6 Bxc6 20. Bxc6 1-0

[Event "GER-ch Net blitz qual2"]
[Site "Playchess.com INT"]
[Date "2020.03.16"]
[Round "5"]
[White "Hendrich, Daniel"]
[Black "Brunke, Pascal"]
[Result "0-1"]
[WhiteElo "1883"]
[BlackElo "1973"]
[PlyCount "64"]
[EventDate "2020.03.16"]
[EventType "swiss (blitz)"]
[EventRounds "9"]
[EventCountry "GER"]
[SourceTitle "CBM 195 Extra"]
[Source "ChessBase"]
[SourceDate "2020.05.31"]
[SourceVersion "1"]
[SourceVersionDate "2020.05.31"]
[SourceQuality "1"]

1. e4 e6 2. d4 d5 3. exd5 exd5 4. c4 Nf6 5. Nc3 Bb4 6. Nf3 0-0 7. Be2 dxc4 8. 0-0 Bg4 9. a3 Ba5 10. Be3 Nc6 11. Ne5 Bxe2 12. Nxe2 Nxe5 13. dxe5 Ng4 14. Qa4 Nxe3 15. fxe3 Bb6 16. Qxc4 Bxe3+ 17. Kh1 c6 18. Rad1 Qe7 19. Qe4 Bb6 20. Qf5 Rae8 21. Rd7 Qxe5 22. Qxe5 Rxe5 23. Ng3 Rb5 24. Rxb7 Rxb2 25. Ne4 Ra2 26. Nd6 Rxa3 27. Nxf7 Bd4 28. h4 a5 29. h5 Ra1 30. Rxa1 Bxa1 31. Nd6 Rf1+ 32. Kh2 Be5+ 0-1

[Event "GER-ch Net blitz qual1"]
[Site "Playchess.com INT"]
[Date "2020.03.07"]
[Round "1"]
[White "Hendrich, Daniel"]
[Black "Graf, Lucas"]
[Result "0-1"]
[WhiteElo "1883"]
[BlackElo "1984"]
[PlyCount "110"]
[EventDate "2020.03.07"]
[EventType "swiss (blitz)"]
[EventRounds "9"]
[EventCountry "GER"]
[SourceTitle "CBM 195 Extra"]
[Source "ChessBase"]
[SourceDate "2020.05.31"]
[SourceVersion "1"]
[SourceVersionDate "2020.05.31"]
[SourceQuality "1"]

1. e4 c5 2. Nf3 d6 3. d4 cxd4 4. Nxd4 Nf6 5. Nc3 a6 6. f3 e5 7. Nb3 Be6 8. Be3 Be7 9. Be2 0-0 10. 0-0 Nbd7 11. Qe1 Rc8 12. Rd1 Qc7 13. Qg3 Rfe8 14. f4 b5 15. fxe5 dxe5 16. Bd3 Qb7 17. Na5 Qc7 18. Nb3 Qb7 19. Na5 Qa8 20. a3 Kh8 21. Nb3 Qb8 22. Bg5 Qb6+ 23. Be3 Qb8 24. Bg5 Qb6+ 25. Be3 Qb7 26. Na5 Qc7 27. Nb3 Nc5 28. Nxc5 Bxc5 29. Bxc5 Qxc5+ 30. Qf2 Qc6 31. Qe3 Ng4 32. Qg5 Qb6+ 33. Kh1 Nf2+ 34. Rxf2 Qxf2 35. Rf1 Qc5 36. Nd5 Bxd5 37. exd5 Qxd5 38. Qf5 g6 39. Qf6+ Kg8 40. Be4 Qe6 41. Qg5 Rc4 42. Bd3 Rc6 43. h3 Kg7 44. Qe3 Rd6 45. b3 f5 46. Qg3 e4 47. Be2 Qe5 48. Qe3 Red8 49. h4 h6 50. h5 g5 51. Qh3 f4 52. Qg4 Qe6 53. Qxe6 Rxe6 54. Rd1 Rxd1+ 55. Bxd1 Rd6 0-1

[Event "GER-ch Net blitz qual1"]
[Site "Playchess.com INT"]
[Date "2020.03.07"]
[Round "7"]
[White "Hendrich, Daniel"]
[Black "Koch, Yannick"]
[Result "0-1"]
[WhiteElo "1883"]
[BlackElo "2080"]
[PlyCount "44"]
[EventDate "2020.03.07"]
[EventType "swiss (blitz)"]
[EventRounds "9"]
[EventCountry "GER"]
[SourceTitle "CBM 195 Extra"]
[Source "ChessBase"]
[SourceDate "2020.05.31"]
[SourceVersion "1"]
[SourceVersionDate "2020.05.31"]
[SourceQuality "1"]

1. e4 c5 2. Nf3 d6 3. d4 cxd4 4. Nxd4 Nf6 5. Nc3 a6 6. f3 e5 7. Nb3 Be7 8. Be3 Be6 9. Be2 0-0 10. 0-0 Nbd7 11. Rc1 b5 12. Qe1 Qc7 13. Qg3 Nc5 14. Nxc5 dxc5 15. Bg5 Nh5 16. Qh4 Bxg5 17. Qxg5 Nf4 18. Rfe1 c4 19. h4 Qc5+ 20. Kh2 b4 21. Nd1 Rad8 22. g3 h6 0-1

[Event "GER-ch Net blitz qual1"]
[Site "Playchess.com INT"]
[Date "2020.03.07"]
[Round "6"]
[White "Lerch, Martin Erik"]
[Black "Hendrich, Daniel"]
[Result "1-0"]
[WhiteElo "1900"]
[BlackElo "1883"]
[PlyCount "91"]
[EventDate "2020.03.07"]
[EventType "swiss (blitz)"]
[EventRounds "9"]
[EventCountry "GER"]
[SourceTitle "CBM 195 Extra"]
[Source "ChessBase"]
[SourceDate "2020.05.31"]
[SourceVersion "1"]
[SourceVersionDate "2020.05.31"]
[SourceQuality "1"]

1. e4 c5 2. Nc3 d6 3. f4 Nc6 4. Nf3 Nf6 5. Bc4 e6 6. Bb3 Be7 7. d3 0-0 8. 0-0 a6 9. a4 b6 10. Qe1 Bb7 11. h3 Nd4 12. Nxd4 cxd4 13. Ne2 e5 14. Ng3 Rc8 15. Nf5 b5 16. axb5 axb5 17. fxe5 dxe5 18. Bg5 h6 19. Nxe7+ Qxe7 20. Bxf6 gxf6 21. Qh4 Kg7 22. Rf3 Rg8 23. Raf1 Rc6 24. Bd5 Rxc2 25. Bxb7 Qxb7 26. Qxf6+ Kh7 27. Qf5+ Rg6 28. h4 Rcxg2+ 29. Kh1 R2g4 30. h5 Rh4+ 31. Rh3 Rxh3+ 32. Qxh3 Rg5 33. Qf3 Qd7 34. Qxf7+ Qxf7 35. Rxf7+ Kg8 36. Rb7 Rxh5+ 37. Kg2 Kf8 38. Rxb5 Kf7 39. Rd5 Ke6 40. b4 Rg5+ 41. Kf3 h5 42. Ra5 Rg7 43. Ra6+ Kf7 44. Ra7+ Kf6 45. Rxg7 Kxg7 46. b5 1-0

[Event "Eschborn op 11th"]
[Site "Eschborn"]
[Date "2014.09.06"]
[Round "3"]
[White "Lopez, Victor"]
[Black "Hendrich, Daniel"]
[Result "0-1"]
[WhiteElo "1467"]
[BlackElo "1757"]
[PlyCount "74"]
[EventDate "2014.09.05"]
[EventType "swiss"]
[EventRounds "5"]
[EventCountry "GER"]
[SourceTitle "EXT 2015"]
[Source "ChessBase"]
[SourceDate "2014.11.20"]
[SourceVersion "1"]
[SourceVersionDate "2014.11.20"]
[SourceQuality "1"]

1. e4 c5 2. Nf3 d6 3. c4 Nc6 4. Nc3 Nf6 5. d3 e6 6. Be2 Be7 7. h3 0-0 8. 0-0 a6 9. a3 Qc7 10. Bf4 b6 11. Re1 Bb7 12. Bf1 Nd7 13. Qc2 Bf6 14. Rab1 Nde5 15. Nxe5 Bxe5 16. Qd2 Rfd8 17. b4 cxb4 18. axb4 Bxf4 19. Qxf4 Ne5 20. Qe3 h6 21. f4 Ng6 22. d4 Re8 23. d5 exd5 24. Nxd5 Bxd5 25. cxd5 b5 26. Rbc1 Qe7 27. g4 Rac8 28. Bd3 Qf6 29. Rxc8 Rxc8 30. f5 Ne5 31. Bb1 Nc4 32. Qe2 Qc3 33. Bd3 Qxb4 34. Bxc4 Qxc4 35. Kf2 Kf8 36. Ke3 Qc3+ 37. Qd3 Qxe1+ 0-1

[Event "SJRH-ch U18"]
[Site "Worms"]
[Date "2001.01.02"]
[Round "4"]
[White "Eisenhauer, Erik"]
[Black "Hendrich, Daniel"]
[Result "1/2-1/2"]
[WhiteElo "1387"]
[BlackElo "1498"]
[PlyCount "55"]
[EventDate "2001.01.02"]
[EventType "swiss"]
[EventRounds "7"]
[EventCountry "GER"]
[SourceTitle "EXT 2003"]
[Source "ChessBase"]
[SourceDate "2002.11.25"]
[SourceVersion "1"]
[SourceVersionDate "2002.11.25"]
[SourceQuality "1"]

1. b4 e5 2. Bb2 Nc6 3. b5 Nd4 4. e3 Nf5 5. Bxe5 d6 6. Bb2 d5 7. a3 Nf6 8. Nf3 Be7 9. c4 dxc4 10. Bxc4 0-0 11. 0-0 Nd6 12. Be2 Bg4 13. a4 h6 14. d4 Nfe4 15. Nbd2 Nxd2 16. Nxd2 Bxe2 17. Qxe2 Qd7 18. Rfc1 Rfc8 19. Qf3 a6 20. bxa6 Rxa6 21. a5 Rca8 22. Nc4 Nxc4 23. Rxc4 Qb5 24. Qe2 Rxa5 25. Rxa5 Rxa5 26. Qc2 Qb6 27. g3 c6 28. Bc3 1/2-1/2

[Event "SJRH-ch U18"]
[Site "Worms"]
[Date "2001.01.02"]
[Round "2"]
[White "Erbs, Axel"]
[Black "Hendrich, Daniel"]
[Result "1-0"]
[WhiteElo "1545"]
[BlackElo "1498"]
[PlyCount "89"]
[EventDate "2001.01.02"]
[EventType "swiss"]
[EventRounds "7"]
[EventCountry "GER"]
[SourceTitle "EXT 2003"]
[Source "ChessBase"]
[SourceDate "2002.11.25"]
[SourceVersion "1"]
[SourceVersionDate "2002.11.25"]
[SourceQuality "1"]

1. e4 e5 2. Nf3 Nc6 3. d4 exd4 4. Nxd4 Nf6 5. Nc3 Be7 6. Bc4 d6 7. Be3 0-0 8. Qd2 Ne5 9. Be2 d5 10. f4 Ng6 11. e5 Ne4 12. Nxe4 dxe4 13. 0-0-0 a6 14. Qc3 Qd7 15. Nb5 Qc6 16. Qxc6 bxc6 17. Nxc7 Rb8 18. Nxa6 Ra8 19. Nc5 Rxa2 20. Kb1 Ra5 21. Nxe4 Be6 22. h3 Rfa8 23. Kc1 Rd5 24. Bd3 c5 25. c4 Rxd3 26. Rxd3 Ra1+ 27. Kc2 Rxh1 28. Ng3 Ra1 29. Kb3 Ra8 30. Rd2 Nh4 31. Ne4 Nf5 32. Bxc5 Rc8 33. Bxe7 Nxe7 34. Nd6 Rb8+ 35. Kc3 Nc6 36. b3 g6 37. Rb2 Bd7 38. b4 Ne7 39. b5 Nc8 40. Nxc8 Rxc8 41. Kb4 Rb8 42. Rd2 Rb7 43. Rd6 Kf8 44. b6 Ke7 45. c5 1-0

[Event "SJRH-ch U18"]
[Site "Worms"]
[Date "2001.01.02"]
[Round "3"]
[White "Hendrich, Daniel"]
[Black "Seibert, Jan"]
[Result "1-0"]
[WhiteElo "1498"]
[BlackElo "1338"]
[PlyCount "63"]
[EventDate "2001.01.02"]
[EventType "swiss"]
[EventRounds "7"]
[EventCountry "GER"]
[SourceTitle "EXT 2003"]
[Source "ChessBase"]
[SourceDate "2002.11.25"]
[SourceVersion "1"]
[SourceVersionDate "2002.11.25"]
[SourceQuality "1"]

1. e4 e5 2. Nf3 Nc6 3. Bb5 a6 4. Ba4 b5 5. Bb3 Nf6 6. d3 g6 7. 0-0 Bg7 8. Nc3 d6 9. h3 0-0 10. Bg5 Re8 11. Nd5 Be6 12. c3 Na5 13. Ne3 Nxb3 14. axb3 c6 15. d4 exd4 16. Nxd4 Qd7 17. Bxf6 Bxf6 18. Nec2 c5 19. Nxe6 Rxe6 20. Qd5 Rae8 21. Rfe1 Qc8 22. b4 Re5 23. Qxd6 R8e6 24. Qd3 c4 25. Qf3 Bg5 26. g4 Rf6 27. Qg2 Bh4 28. Re2 Qd8 29. Nd4 Re8 30. g5 Rxf2 31. Rxf2 Bxf2+ 32. Kxf2 1-0